00889nam a2200205Ia 4500999001500000020001800015082002800033100002500061245005000086260004200136300001200178504004600190650003000236650002900266650003800295650002300333942000700356952016000363952016000523 c4139d4139 a81-7211-165-7 a371.8220954 BHA-R SL1 aNair, P.V. Bhaskaran 0aReturns on higher education of women in India aNew DelhibNorthern Book Centrec2005 axv, 125 ainculdes bibliography, appendix and index aWomenvEducation (Higher) aindia - Economic aspects aEducation, HighervIndiavFinance aEducation of women cBK 00104070aNASSDOCbNASSDOCd2005-03-16eGifted by : Sales Unit, ICSSRi2005-03-16l0o371.8220954 BHA-R SL1p40571r2019-04-18 00:00:00w2019-04-18yBK 00104070aNASSDOCbNASSDOCd2005-03-16eGifted by : Sales Unit, ICSSRi2005-03-16l0o371.8220954 BHA-R SL1p40572r2019-04-18 00:00:00w2019-04-18yBK